[Event "AUTO-INT-3930"]
[Site "http://www.queenalice.com/game.php?id=1856475"]
[Date "2025.4.30"]
[Round "1"]
[White "nuzera"]
[Black "NickThorp"]
[Result "1-0"]
[WhiteElo "1547"]
[BlackElo "1382"]

1. e4 e5 2. Qh5 Nf6 3. Qxe5+ Be7 4. Qg3 O-O 5. Bd3 Bd6 6. Qh4 h6 7. f3 Nc6 8. f4
Be7 9. Qg3 d6 10. e5 dxe5 11. fxe5 Nd5 12. Be4 Ndb4 13. Qc3 Be6 14. d4 Qxd4 15.
Bd3 Qxe5+ 16. Qxe5 Nxe5 17. Ke2 Nexd3 18. cxd3 1-0

[Event "AUTO-OPEN-4592"]
[Site "http://www.queenalice.com/game.php?id=1856769"]
[Date "2025.5.6"]
[Round "1"]
[White "zubarev"]
[Black "NickThorp"]
[Result "1-0"]
[WhiteElo "1949"]
[BlackElo "1482"]

1. d4 d5 2. Nc3 Nf6 3. e3 Bg4 4. Be2 Nc6 5. Bxg4 e6 6. Nf3 Bb4 7. Bh3 O-O 8. Ne5
Nxe5 9. dxe5 Ne4 10. Bd2 Nxc3 11. Bxc3 Bxc3+ 12. bxc3 c6 13. O-O h6 14. f4 Qb6
15. Qd4 Qxd4 16. cxd4 a6 17. f5 exf5 18. Bxf5 Rad8 19. c3 g6 20. Bd3 f5 21. Rab1
b5 22. a4 Kf7 23. axb5 axb5 24. Ra1 Ke6 25. Ra6 Rc8 26. Bxb5 Kd7 27. Bd3 Ke6 28.
Rb1 Rc7 29. Rbb6 Rfc8 30. Kf2 h5 31. c4 dxc4 32. Bxc4+ Ke7 33. Kf3 g5 34. h3 Kd7
35. g4 1-0

[Event "AUTO-OPEN-4592"]
[Site "http://www.queenalice.com/game.php?id=1856770"]
[Date "2025.5.6"]
[Round "1"]
[White "NickThorp"]
[Black "zubarev"]
[Result "0-1"]
[WhiteElo "1480"]
[BlackElo "1951"]

1. e4 e5 2. Nf3 d6 3. Bb5+ Bd7 4. d3 Bxb5 5. Be3 Be7 6. Nc3 Qd7 7. O-O Nf6 8.
Nd5 Bc6 9. Nxe7 Qxe7 10. Qd2 O-O 11. a3 Nbd7 12. Bg5 h6 13. Bh4 Qe6 14. Qc3 Nh5
15. h3 Nb6 16. Rfe1 Nf4 17. Bg3 f5 18. exf5 Qxf5 19. Bxf4 Qxf4 20. Re4 Bxe4 21.
dxe4 Qxe4 22. Re1 Qf5 23. Qxc7 Qg6 24. Qxb7 Qxc2 25. b4 Nc4 26. Qd5+ Kh8 27. Kh2
Rac8 28. Rf1 e4 29. Ne1 Qe2 30. Kg3 Qxf1 31. Qxe4 Qxf2+ 32. Kh2 Rfe8 33. Qf3
Qxe1 34. Qd5 Qe5+ 0-1

[Event "AUTO-OPEN-4592"]
[Site "http://www.queenalice.com/game.php?id=1856793"]
[Date "2025.5.6"]
[Round "1"]
[White "attachui"]
[Black "NickThorp"]
[Result "1-0"]
[WhiteElo "2122"]
[BlackElo "1358"]

1. d4 d5 2. c4 dxc4 3. e3 Be6 4. Nc3 Nf6 5. Nf3 h6 6. Be2 Nc6 7. O-O Bd5 8. Qa4
e6 9. Ne5 Qe7 10. Nxd5 exd5 11. Qb5 Qb4 12. Qxb4 Bxb4 13. Nxc6 1-0

[Event "AUTO-OPEN-4592"]
[Site "http://www.queenalice.com/game.php?id=1856794"]
[Date "2025.5.6"]
[Round "1"]
[White "NickThorp"]
[Black "attachui"]
[Result "0-1"]
[WhiteElo "1360"]
[BlackElo "2120"]

1. e4 c5 2. Nf3 d6 3. Bb5+ Nc6 4. d3 a6 5. Bxc6+ bxc6 6. Nc3 Nf6 7. Bg5 e6 8.
O-O h6 9. Bh4 g5 10. Bg3 Nd7 11. h3 Be7 0-1

[Event "AUTO-OPEN-4592"]
[Site "http://www.queenalice.com/game.php?id=1856809"]
[Date "2025.5.6"]
[Round "1"]
[White "NickThorp"]
[Black "CCapivara"]
[Result "0-1"]
[WhiteElo "1508"]
[BlackElo "2261"]

1. e4 d6 2. d4 Nf6 3. Nc3 c6 4. Bg5 Nbd7 5. Nf3 e5 6. dxe5 dxe5 7. Bxf6 Qxf6 8.
Bd3 Bb4 9. Qd2 O-O 10. O-O Nc5 11. a3 Bxc3 12. Qxc3 Nxd3 13. Qxd3 Bg4 14. h3 Bh5
15. Qe3 Bxf3 16. Qxf3 Qxf3 17. gxf3 Rfd8 18. Kh2 Rd2 19. Rac1 Rad8 20. b3 Re2
21. Kg2 Rdd2 22. c4 g5 23. Kg3 h5 24. Kg2 Kg7 25. Rcd1 Rxf2+ 26. Rxf2 Rxd1 27.
Rb2 Kg6 28. a4 f5 29. exf5+ Kxf5 30. Kf2 Kf4 31. Kg2 a5 32. b4 axb4 33. Rxb4
Rd2+ 34. Kg1 Kg3 35. Rb1 Kxh3 36. Rxb7 Kg3 0-1

[Event "AUTO-OPEN-4592"]
[Site "http://www.queenalice.com/game.php?id=1856810"]
[Date "2025.5.6"]
[Round "1"]
[White "CCapivara"]
[Black "NickThorp"]
[Result "1-0"]
[WhiteElo "2239"]
[BlackElo "1599"]

1. e4 e5 2. Nf3 Nc6 3. Bb5 a6 4. Bxc6 dxc6 5. O-O Bg4 6. d3 Bc5 7. Be3 Bxe3 8.
fxe3 Nf6 9. Nbd2 O-O 10. Qe1 h6 11. Nxe5 Be6 12. Qg3 Qd6 13. d4 Nxe4 14. Nxe4
Qd5 15. Nf6+ 1-0

[Event "AUTO-INT-3931"]
[Site "http://www.queenalice.com/game.php?id=1856861"]
[Date "2025.5.7"]
[Round "1"]
[White "altair"]
[Black "NickThorp"]
[Result "1-0"]
[WhiteElo "1795"]
[BlackElo "1362"]

1. e4 e5 2. Nf3 Nc6 3. d3 Nf6 4. a3 Bc5 5. c3 d6 6. a4 h6 7. h3 O-O 8. b4 Bb6 9.
a5 Bxf2+ 10. Kxf2 Be6 11. Be2 a6 12. Re1 d5 13. c4 Nxb4 14. Ba3 c5 15. cxd5 Bd7
16. Qd2 Bb5 17. Nxe5 Qxa5 18. Nc4 Bxc4 19. dxc4 Nxe4+ 20. Kg1 Nxd2 21. Nxd2 Nc2
22. Nb3 Qd8 23. Rec1 Nxa1 24. Rxa1 Re8 25. Nxc5 b6 26. Nb7 Qc7 27. Nd6 Rxe2 28.
Nf5 Qxc4 29. Rc1 Qxd5 30. Rf1 1-0

[Event "AUTO-INT-3931"]
[Site "http://www.queenalice.com/game.php?id=1856862"]
[Date "2025.5.7"]
[Round "1"]
[White "NickThorp"]
[Black "altair"]
[Result "0-1"]
[WhiteElo "1364"]
[BlackElo "1793"]

1. e4 e5 2. Nf3 d6 3. Bb5+ Bd7 4. Bxd7+ Qxd7 5. d3 h6 6. Nc3 a6 7. Be3 Nf6 8.
O-O b5 9. Nd5 Nxd5 10. exd5 Be7 11. a3 O-O 12. c4 c6 13. dxc6 Nxc6 14. cxb5 axb5
15. Qd2 d5 16. b4 d4 17. Bxh6 gxh6 18. Qxh6 Qe6 19. Qxe6 fxe6 20. Rac1 Rac8 21.
Rc2 Kf7 22. Rfc1 Na7 23. Rxc8 Nxc8 24. Nxe5+ Ke8 25. Ng6 Rf6 26. Nxe7 Nxe7 27.
Rc5 Rf5 28. Rc1 Ng6 29. Rc8+ Kd7 0-1

[Event "AUTO-INT-3931"]
[Site "http://www.queenalice.com/game.php?id=1856875"]
[Date "2025.5.7"]
[Round "1"]
[White "renet54"]
[Black "NickThorp"]
[Result "0-1"]
[WhiteElo "1571"]
[BlackElo "1608"]

1. d4 d5 2. Bf4 Bf5 3. e3 e6 4. Nf3 Nc6 5. c3 Bd6 6. Bd3 Bxd3 7. Qxd3 Nf6 8. O-O
Bxf4 9. exf4 Qd6 10. Qb5 b6 11. a4 O-O 12. Nbd2 a6 13. Qe2 a5 14. Rfe1 Rfe8 15.
Rad1 h6 16. c4 dxc4 17. Nxc4 Qd5 18. Ne3 Qb3 19. Rd3 Qxa4 20. b3 Qb4 21. Rc1 Qb5
22. Ne5 Nxe5 23. fxe5 Nd5 24. Nxd5 Qxd5 25. Rxc7 Rab8 26. Qh5 Rf8 27. Rg3 Qxd4
28. Qxh6 Qxe5 29. Rcc3 Qe1# 0-1

[Event "AUTO-INT-3931"]
[Site "http://www.queenalice.com/game.php?id=1856876"]
[Date "2025.5.7"]
[Round "1"]
[White "NickThorp"]
[Black "renet54"]
[Result "0-1"]
[WhiteElo "1572"]
[BlackElo "1593"]

1. e4 e5 2. Nf3 Nf6 3. Nc3 Bc5 4. d3 Nc6 5. Bg5 O-O 6. Qd2 d6 7. O-O-O Bg4 8. h3
Be6 9. Bxf6 Qxf6 10. a3 Rfd8 11. Nd5 Bxd5 12. exd5 Ne7 13. Be2 Bxf2 14. Rdf1 Bc5
15. Nd4 Qg6 16. Nb3 Qxg2 17. Bf3 Qxd2+ 18. Nxd2 Ng6 19. Ne4 Bb6 20. Bg4 c6 21.
dxc6 bxc6 22. Rf3 Rab8 23. Bf5 Nh4 24. Bxh7+ Kxh7 25. Rxf7 Be3+ 26. Kb1 Bd4 27.
c3 Bc5 28. Nxc5 dxc5 29. Re1 Rxd3 30. Rc1 Rd2 31. Rxa7 Rbxb2+ 32. Ka1 Ra2+ 33.
Kb1 Rdb2# 0-1

[Event "AUTO-INT-3931"]
[Site "http://www.queenalice.com/game.php?id=1856883"]
[Date "2025.5.7"]
[Round "1"]
[White "Carlos19"]
[Black "NickThorp"]
[Result "1-0"]
[WhiteElo "1636"]
[BlackElo "1553"]

1. e4 e5 2. Nf3 Nc6 3. Bc4 Bc5 4. d3 d6 5. Ng5 h6 6. Nxf7 Bxf2+ 7. Kxf2 Qf6+ 8.
Qf3 Qxf3+ 9. gxf3 Nd4 10. Nxh8 Nxc2 11. Bxg8 Nxa1 12. Ng6 Nc2 13. a3 Nd4 14. f4
Be6 15. Bxe6 Nxe6 16. fxe5 dxe5 17. Nxe5 O-O-O 18. Ke3 g5 19. Nf7 Rd7 20. Nxh6
Rh7 21. Nf5 Rh3+ 22. Kd2 a6 23. b4 b5 24. Kc3 g4 25. Rg1 Rxh2 26. Rxg4 Kb7 27.
Rh4 Ra2 28. Rh7 Rf2 29. Be3 Rf1 30. Nd2 Ra1 31. Kb3 Rg1 32. Bxg1 1-0

[Event "AUTO-INT-3931"]
[Site "http://www.queenalice.com/game.php?id=1856884"]
[Date "2025.5.7"]
[Round "1"]
[White "NickThorp"]
[Black "Carlos19"]
[Result "0-1"]
[WhiteElo "1540"]
[BlackElo "1649"]

1. e4 e5 2. Nf3 Nc6 3. Bb5 a6 4. Ba4 b5 5. Bb3 h6 6. d3 b4 7. a3 bxa3 8. Nxa3
Nf6 9. Be3 Ng4 10. Qd2 Nxe3 11. Qxe3 f6 12. O-O g5 13. Nc4 g4 14. Nfd2 Nd4 15.
h3 gxh3 16. g3 d6 17. Kh2 f5 18. exf5 Bxf5 19. c3 Nxb3 20. Nxb3 Qg5 21. Qxg5
hxg5 22. Ne3 Bxd3 23. Rfd1 Be2 24. Re1 Bf3 25. Ra5 c5 26. Nc4 Bd5 27. Ncd2 g4
28. c4 Bf7 29. Re4 Be6 30. f3 gxf3 31. Nxf3 Bf5 0-1

[Event "AUTO-INT-3932"]
[Site "http://www.queenalice.com/game.php?id=1857235"]
[Date "2025.5.13"]
[Round "1"]
[White "NickThorp"]
[Black "renet54"]
[Result "0-1"]
[WhiteElo "1528"]
[BlackElo "1723"]

1. e4 d6 2. d4 e5 3. d5 Nf6 4. Nc3 Be7 5. Bb5+ c6 6. dxc6 bxc6 7. Ba4 O-O 8. Bg5
Bg4 9. f3 Be6 10. Nge2 Qb6 11. Bb3 Nbd7 12. Bxe6 fxe6 13. Na4 Qb4+ 14. Nec3 Rae8
15. Qd3 Nc5 16. Nxc5 Qxc5 17. O-O-O h6 18. Bxf6 Bxf6 19. a3 Bg5+ 20. Kb1 Rb8 21.
h4 Be7 22. g3 Qxa3 23. b3 Rb7 24. Qc4 Rfb8 25. Qa4 Rxb3+ 26. cxb3 Qc5 27. Rc1
Qf2 28. f4 exf4 29. gxf4 Qxf4 30. Rcf1 Qd2 31. Rc1 Qd3+ 32. Kb2 Bf6 33. Qxc6
Bxc3+ 0-1

[Event "AUTO-INT-3932"]
[Site "http://www.queenalice.com/game.php?id=1857236"]
[Date "2025.5.13"]
[Round "1"]
[White "renet54"]
[Black "NickThorp"]
[Result "1-0"]
[WhiteElo "1731"]
[BlackElo "1520"]

1. d4 d5 2. Nf3 Nf6 3. Bf4 Bf5 4. Nc3 e6 5. e3 Bb4 6. Bd3 Bxd3 7. Qxd3 O-O 8.
O-O Nc6 9. Nb5 a6 10. Nxc7 Rc8 11. c3 Bd6 12. Bxd6 Qxd6 13. Nxe6 Qxe6 14. Ng5
Qg4 15. Nf3 Ne4 16. h3 Qf5 17. Nh4 Qf6 18. Nf3 h6 19. Rad1 b5 20. b4 a5 21. bxa5
Nxa5 22. Qxb5 Nc6 23. Qxd5 Nxc3 24. Qb3 Nxd1 25. Rxd1 Na5 26. Qa4 Nc6 27. d5 Nd8
28. Qg4 Re8 29. Qxc8 Qd6 30. Qg4 f6 31. Nh4 g5 32. Nf5 Qf8 33. h4 1-0